|
|
|
|
| LEADER |
01222nam a2200253 a 4500 |
| 001 |
32148 |
| 003 |
BD-DhAAL |
| 005 |
20221017151057.0 |
| 008 |
170928s2015 bg ||||| |||| 00| 0 ben d |
| 999 |
|
|
|c 38359
|d 38359
|
| 020 |
|
|
|a 98470264503
|
| 040 |
|
|
|a BD-DhAAL
|
| 082 |
|
|
|2 22
|a 954.9205092
|
| 245 |
|
|
|a চিরঞ্জীব শেখ মুজিব /
|c সম্কলন ও সম্পাদনা কবীর চৌধুরী
|
| 260 |
|
|
|a ঢাকা :
|b জনতা প্রকাশ,
|c ২০১৫
|
| 300 |
|
|
|a ৩৩৫ পৃষ্ঠা ;
|c ২২ সে.মি.
|
| 526 |
|
|
|a AAL
|
| 541 |
|
|
|e 32148
|
| 600 |
|
|
|a Mujibur Rahman,
|c Sheikh,
|d 1920-1975
|9 22379
|
| 651 |
|
|
|a Bangladesh
|x Politics and government
|y 1971
|9 22380
|
| 700 |
|
|
|a চৌধুরী, কবীর
|9 22381
|
| 942 |
|
|
|2 ddc
|c BK
|
| 952 |
|
|
|0 0
|1 0
|2 ddc
|4 0
|6 954_920509200000000_CHI
|7 0
|9 61382
|a BRACUL
|b BRACUL
|c BNC
|d 2017-09-27
|e Development Book Agency
|g 340.00
|l 0
|o 954.9205092 CHI
|p 3010032148
|r 2017-09-27
|t 1
|v 400.00
|w 2017-09-27
|y BK
|
| 952 |
|
|
|0 0
|1 0
|2 ddc
|4 0
|6 954_920509200000000_CHI
|7 0
|9 61383
|a BRACUL
|b BRACUL
|c BNC
|d 2017-09-27
|e Development Book Agency
|g 340.00
|l 1
|o 954.9205092 CHI
|p 3010032149
|r 2020-03-08
|s 2020-03-03
|t 2
|v 400.00
|w 2017-09-27
|y BK
|